Strength of Materials: (Mechanics of Solids) (SI Units) (Record no. 15381)
[ view plain ]
| 000 -LEADER | |
|---|---|
| fixed length control field | 00348cam a2200133ua 4500 |
| 020 ## - INTERNATIONAL STANDARD BOOK NUMBER | |
| ISBN | 9788121928229 |
| 082 ## - DEWEY DECIMAL CLASSIFICATION NUMBER | |
| Classification number | 624.17 |
| Item number | KHU/ST |
| 100 ## - MAIN ENTRY--AUTHOR NAME | |
| Personal name | Khurmi, R. S. |
| 245 ## - TITLE STATEMENT | |
| Title | Strength of Materials: (Mechanics of Solids) (SI Units) |
| 250 ## - EDITION STATEMENT | |
| Edition statement | 24 / rev ed. |
| 260 ## - PUBLICATION, DISTRIBUTION, ETC. (IMPRINT) | |
| Place of publication | New Delhi : |
| Name of publisher | S.Chand and Co , |
| Year of publication | 2016 |
| 300 ## - PHYSICAL DESCRIPTION | |
| Number of Pages | 924p |
| 942 ## - ADDED ENTRY ELEMENTS (KOHA) | |
| Koha item type | Book Bank scheme for SC students |
| Withdrawn status | Lost status | Damaged status | Home library | Current library | Shelving location | Date acquired | Cost, normal purchase price | Full call number | Accession Number | Koha item type |
|---|---|---|---|---|---|---|---|---|---|---|
| KAUAET | KAUAET | Scheme | 31/03/2018 | 795.00 | 624.17 KHU/ST | BB 479 | Book Bank scheme for SC students | |||
| KAUAET | KAUAET | Scheme | 31/03/2018 | 795.00 | 624.17 KHU/ST | BB 480 | Book Bank scheme for SC students |
